Where did I .....?
| Main Author: | |
|---|---|
| Format: | Book |
| Published: |
Puchong :
Penerbitan Ilmu Harapan ,
2020
|
| Series: | Community readers
|
| Subjects: |
MARC
| LEADER | 00000cam a2200000 7i4500 | ||
|---|---|---|---|
| 001 | 0000278397 | ||
| 005 | 20200911103209.0 | ||
| 020 | |a 9789672232278 | ||
| 090 | 0 | 0 | |a JF |b CHI |
| 100 | 1 | |a Chin, Charmaine | |
| 245 | 1 | 0 | |a Where did I .....? |c Charmaine Chin |
| 260 | |a Puchong : |b Penerbitan Ilmu Harapan , |c 2020 | ||
| 300 | |a 32p. : |b ill. ; |c 21cm. | ||
| 490 | 0 | |a Community readers | |
| 650 | 0 | |a Children's stories | |
| 999 | |a 00384764 |b BUKU |c PINJAMAN |e PERPUSTAKAAN KOMUNITI PETALING JAYA | ||